| 000 | 01641nam a2200313 a 4500 | ||
|---|---|---|---|
| 001 | 000017883 | ||
| 003 | DO-SdBPM | ||
| 005 | 20250919132552.0 | ||
| 007 | ta | ||
| 008 | 100407s2015 dr ad 000 0 spa d | ||
| 020 | _a9789945898477 | ||
| 040 |
_aDO-SdBPM _bspa _cBPMSU _drda |
||
| 082 | 4 |
_a317.2932 _bR426pe 2015 _222 |
|
| 092 |
_a _b |
||
| 110 | 2 |
_aRepública Dominicana _bOficina Nacional de Estadística |
|
| 245 | 0 | 0 |
_aPerfiles estadísticos provinciales : _bregiones Cibao sur -Nordeste / _cpresentación Pablo Tactuk. |
| 264 |
_aSanto Domingo : _bFondo de las Naciones Unidas para la Infancia ; _bOficina Nacional de Estadística, _c2015 |
||
| 300 |
_a196 páginas : _bilustración, diagramas ; _c28 cm. |
||
| 336 |
_atexto _btxt _2rdacontent |
||
| 337 |
_asin mediación _bn _2rdamedia |
||
| 338 |
_avolumen _bnc _2rdacarrier |
||
| 505 | 0 | _aPresentación -- Región Cibao Sur 11 -- La Vega 13 -- Monseñor Nouel 39 -- Sánchez Ramírez 65 -- Región Cibao Nordeste 91 -- Duarte 93 -- Hermanas Mirabal 119 --María Trinidad Sánchez -- Samaná. | |
| 520 | _aLa Oficina Nacional de Estadística (ONE), a través de su Departamento de Coordinación Estadística, presenta los perfiles estadísticos provinciales los cuales son una recopilación de informaciones estadísticas e indicadores sobre la situación socio-económica, demográfica y medioambiental de las provincias de la República Dominicana. | ||
| 590 | _aInventariado, 2025/VM | ||
| 651 | 7 |
_aRepública Dominicana _xPoblación _xEstadística |
|
| 700 | 1 | 2 |
_aTactuk, Pablo _epresentación |
| 910 | _aVMateo V. Control de calidad BPMSU | ||
| 942 |
_2ddc _cBK |
||
| 999 |
_c15413 _d15413 |
||